Reporte de indicadores regionales para Jalisco /
Na minha lista:
| Autor Corporativo: | |
|---|---|
| Outros Autores: | |
| Formato: | Livro |
| Idioma: | espanhol |
| Colecção: | (Cuadernos Estatales de Política Social ;
6) |
| Assuntos: | |
| Tags: |
Sem tags, seja o primeiro a adicionar uma tag!
|
MARC
| LEADER | 00000nam^a2200000^a^4500 | ||
|---|---|---|---|
| 001 | 000188353 | ||
| 005 | 20250521000000.0 | ||
| 009 | 20260310102334.785 | ||
| 037 | |a Acervo ITESO - Biblioteca | ||
| 041 | |a ESP | ||
| 082 | |a 320. 97235 |b CUA V. 6 | ||
| 110 | |a Jalisco. |b Gobernador. 2001-2006 (Ramírez Acuña) | ||
| 245 | 1 | 0 | |a Reporte de indicadores regionales para Jalisco / |c Presen. de J.R. Ríos Martínez. |
| 264 | |a Guadalajara, México : |b Gobierno del Estado de Jalisco, Secretaría de Desarrollo Humano, |c 2006 | ||
| 300 | |a 77 p. | ||
| 336 | |a texto |b txt |2 rdacontenido | ||
| 337 | |a sin mediación |b n |2 rdamedio | ||
| 338 | |a volumen |b nc |2 rdasoporte | ||
| 440 | 1 | |a (Cuadernos Estatales de Política Social ; |v 6) | |
| 649 | |a XX | ||
| 650 | |a Indígenas de México - |z Jalisco - |x Estadísticas | ||
| 650 | |a Indígenas de México - |x Estadísticas | ||
| 650 | |a Mujeres - |z Jalisco - |x Estadísticas | ||
| 650 | |a Mujeres - |z México - |x Estadísticas | ||
| 650 | |a Discapacitados - |z Jalisco - |x Estadísticas | ||
| 650 | |a Discapacitados - |z México - |x Estadísticas | ||
| 650 | |a Ancianos - |z Jalisco - |x Estadísticas | ||
| 650 | |a Ancianos - |z México - |x Estadísticas | ||
| 650 | |a Indicadores Económicos - |z Jalisco | ||
| 650 | |a Indicadores Económicos - |z México | ||
| 650 | |a Marginación - |z Jalisco - |x Estadísticas | ||
| 650 | |a Marginación - |z México - |x Estadísticas | ||
| 650 | |a Pobreza - |z Jalisco - |x Estadísticas | ||
| 650 | |a Pobreza - |z México - |x Estadísticas | ||
| 650 | |a Salud - |z Jalisco - |x Estadísticas | ||
| 650 | |a Salud - |z México - |x Estadísticas | ||
| 650 | |a Educación - |z Jalisco - |x Estadísticas | ||
| 650 | |a Educación - |z México - |x Estadísticas | ||
| 650 | |a Desarrollo Regional - |z Jalisco - |x Estadísticas | ||
| 650 | |a Desarrollo Regional - |z México - |x Estadísticas | ||
| 650 | |a Desarrollo Económico-Social - |z Jalisco - |x Estadísticas | ||
| 650 | |a Desarrollo Económico-Social - |z México - |x Estadísticas | ||
| 650 | |a Economía - |z Jalisco - |x Estadísticas | ||
| 650 | |a Economía - |z México - |x Estadísticas | ||
| 650 | |a Economía - |z Jalisco - |x Historia - |y 2000-2006 | ||
| 650 | |a Economía - |z México - |x Historia - |y 2000-2006 | ||
| 650 | |a Administración Pública - |z Jalisco - |x Historia - |y 2000-2006 | ||
| 650 | |a Administración Pública - |z México - |x Historia - |y 2000-2006 | ||
| 650 | |a Política Social - |z Jalisco - |x Historia - |y 2000-2006 | ||
| 650 | |a Política Social - |z México - |x Historia - |y 2000-2006 | ||
| 650 | |a Políticas Públicas - |z Jalisco - |x Historia - |y 2000-2006 | ||
| 650 | |a Políticas Públicas - |z México - |x Historia - |y 2000-2006 | ||
| 650 | |a Política - |z Jalisco - |x Historia - |y 2000-2006 | ||
| 650 | |a Política - |z México - |x Historia - |y 2000-2006 | ||
| 650 | |a Jalisco - |x Historia - |y 2000-2006 | ||
| 650 | |a México - |x Historia - |y 2000-2006 | ||
| 700 | |a Ríos Martínez, José Rafael |e (presentación) | ||
| 910 | |a Fondo General | ||
| 920 | |a Impresos - Libros | ||
| 930 | |a Colección General | ||
| 905 | |a 101 | ||
| 901 | |a 0500131090 |b IT1 |c ACC |u 20250521 | ||
| 902 | |a https://opac.biblio.iteso.mx/vufind/Record/000188353 | ||